000
00301nam a2200121Ia 4500
008
140130s9999 xx 000 0 und d
245
_c
David A. Adler
_a
A Picture Book of Amelia Earhart
260
_b
Scholastic,
_c
1998
440
_v
1
521
_a
Grade 4 - Grade 7
942
_c
BK
999
_c
41145
_d
41145